000 00327nam a2200157Ia 4500
100 _aFesto
650 _afesto
942 _cRB
654 _asensors
245 _aSensors in production Engineering
260 _bFesto
_aBangalore
_c2001
082 _a658.514/FES
_bFES
300 _a133
546 _aENGLISH
999 _c33116
_d33116